000 00351nam a2200133 i 4500
001 bg
100 1 _aWOŹNICKA, Aleksandra
245 0 _aIndywidualny tok studiów w polskim szkolnictwie wyższym /
_cAleksandra Woźnicka.
260 _aŁÓDŹ,
_c1979.
040 _cBPK
041 _apol
942 _cKS
008 s pl f |000 0 pol
999 _c21406
_d21406
856 _uhttp://koha.tu.koszalin.pl/cgi-bin/koha/opac-detail.pl?biblionumber=21406
_yKatalog online BPK